00861cam a2200217 a 450000100100000000500170001000800410002704000250006808200190009310000420011224500440015426000330019830000210023149000430025249000260029565000330032165000340035495201170038895201230050599900150062800000988320200929161739.0980423s1997 gt 001 p spa  aDO-SdBNPbspacBNPHU aG861.44aM538b1 aMéndez Vides, Adolfo,d1956-92481610aBabel o las batallas /cMéndez Vides. aGuatemala :bCultura,c1997. a161 p. ;c22 cm.1 aPoesía Guatemalteca Siglo XXvno. 141 aRafaek Kandívarv14 4aPoesía guatemalteca914068 4aLiteratura guatemalteca95393 001050718MOaGRbGRcHDd2009-10-01iLF1l0oG861.44 M538b p9883-10r2020-06-25w2020-06-25y1ZNo se presta 001150718MOaGRbGRcMId2017-05-18iLF1l0oG861.44 M538b p9883-20r2020-06-25te. 2w2020-06-25y1ZNo se presta c9642d9642